Loading...
Fine Arts - Classical Music | 6 | 11.67 | 83% | 33% | 0% |
Fine Arts - Other Fine Arts | 3 | 13.33 | 100% | 33% | 0% |
Fine Arts - Visual Fine Arts | 5 | 10.00 | 80% | 20% | 0% |
Geography/Current Events | 1 | 30.00 | 100% | 100% | 100% |
History - American History | 4 | 10.00 | 100% | 0% | 0% |
History - European History | 8 | 11.25 | 100% | 13% | 0% |
History - Other History | 6 | 10.00 | 83% | 17% | 0% |
History - World History | 3 | 10.00 | 67% | 0% | 33% |
Literature - American Literature | 4 | 10.00 | 100% | 0% | 0% |
Literature - British Literature | 2 | 5.00 | 0% | 0% | 50% |
Literature - European Literature | 5 | 8.00 | 80% | 0% | 0% |
Literature - World/Other Literature | 5 | 10.00 | 100% | 0% | 0% |
Mythology | 3 | 20.00 | 100% | 100% | 0% |
Other Academic | 2 | 15.00 | 100% | 50% | 0% |
Philosophy | 4 | 12.50 | 100% | 25% | 0% |
Pop Culture | 1 | 30.00 | 100% | 100% | 100% |
Religion | 4 | 12.50 | 100% | 25% | 0% |
Science - Biology | 4 | 12.50 | 100% | 25% | 0% |
Science - Chemistry | 5 | 14.00 | 80% | 40% | 20% |
Science - Other Science | 5 | 16.00 | 100% | 40% | 20% |
Science - Physics | 7 | 14.29 | 100% | 29% | 14% |
Social Science | 8 | 10.00 | 88% | 13% | 0% |
World/Other Literature> | 2 | 0.00 | 0% | 0% | 0% |